| 000 | 00574nam a2200157 4500 | ||
|---|---|---|---|
| 999 |
_c16974 _d16974 |
||
| 008 | 220525b ||||| |||| 00| 0 eng d | ||
| 022 | _a0117-3308 | ||
| 082 | _aDPer 004.1105 C73 Sept 2010 - April 2011 v. 20 n. 3-9 | ||
| 100 |
_aWailgun, Thomas. _945187 |
||
| 245 |
_aCIOs in 2011: _bthe IT roles and strategies in high demand/ _cThomas Wailgun. |
||
| 260 |
_aPhilippines: _bSchneider Electric, _c©2010-2011. |
||
| 300 |
_av20 n7, page 48: _bcolor illustrations; _c27 cm. |
||
| 500 | _aComputer world. | ||
| 650 |
_aInformation technology _xRoles. _945189 |
||
| 942 |
_2ddc _cPER |
||